[Event "Marianske Lazne 2023"]
[Site "?"]
[Date "2023.01.16"]
[Round "3.13"]
[White "Plischki, Sebastian"]
[Black "Stinka, Jakub"]
[Result "1/2-1/2"]
[BlackElo "2301"]
[WhiteElo "2331"]
[LiveChessVersion "1.4.8"]

1. d4 {[%clk 1:30:57]} Nf6 {[%clk 1:30:50]} 2. c4 {[%clk 1:31:14]} e6
{[%clk 1:30:50]} 3. Nc3 {[%clk 1:31:28]} Bb4 {[%clk 1:30:52]} 4. e3
{[%clk 1:31:39]} O-O {[%clk 1:30:58]} 5. Bd3 {[%clk 1:31:51]} d5 {[%clk 1:29:59]}
6. Nge2 {[%clk 1:31:48]} c5 {[%clk 1:26:54]} 7. cxd5 {[%clk 1:31:44]} exd5
{[%clk 1:21:49]} 8. a3 {[%clk 1:31:34]} Bxc3+ {[%clk 1:21:26]} 9. bxc3
{[%clk 1:31:49]} b6 {[%clk 1:21:39]} 10. O-O {[%clk 1:31:42]} Ba6
{[%clk 1:20:34]} 11. f3 {[%clk 1:31:34]} Bxd3 {[%clk 1:18:51]} 12. Qxd3
{[%clk 1:31:55]} Re8 {[%clk 1:18:42]} 13. Ng3 {[%clk 1:31:40]} Nc6
{[%clk 1:13:34]} 14. Bb2 {[%clk 1:30:31]} h5 {[%clk 1:09:08]} 15. Rae1
{[%clk 1:28:29]} h4 {[%clk 1:01:22]} 16. Nh1 {[%clk 1:26:45]} Qd7
{[%clk 0:50:18]} 17. Nf2 {[%clk 1:24:27]} Rad8 {[%clk 0:43:11]} 18. Rd1
{[%clk 1:14:18]} Na5 {[%clk 0:28:45]} 19. e4 {[%clk 1:08:22]} dxe4
{[%clk 0:27:00]} 20. fxe4 {[%clk 1:08:43]} Ng4 {[%clk 0:26:23]} 21. Bc1
{[%clk 0:59:25]} Nxf2 {[%clk 0:23:57]} 22. Rxf2 {[%clk 0:59:48]} Qe6
{[%clk 0:21:31]} 23. Bg5 {[%clk 0:40:49]} f6 {[%clk 0:18:27]} 24. Bxh4
{[%clk 0:40:54]} cxd4 {[%clk 0:17:55]} 25. e5 {[%clk 0:28:39]} dxc3
{[%clk 0:07:25]} 26. Qxd8 {[%clk 0:29:02]} Rxd8 {[%clk 0:07:54]} 27. Rxd8+
{[%clk 0:29:25]} Kh7 {[%clk 0:05:29]} 28. exf6 {[%clk 0:28:51]} gxf6
{[%clk 0:05:01]} 29. Rxf6 {[%clk 0:16:55]} Qe3+ {[%clk 0:05:11]} 30. Kf1
{[%clk 0:17:19]} c2 {[%clk 0:04:53]} 31. Rd7+ {[%clk 0:17:37]} Kg8
{[%clk 0:05:01]} 1/2-1/2

[Event "Marianske Lazne 2023"]
[Site "?"]
[Date "2023.01.16"]
[Round "3.14"]
[White "Pisk, Petr"]
[Black "Goroshkov, Maksym"]
[Result "1/2-1/2"]
[BlackElo "2261"]
[WhiteElo "2305"]
[LiveChessVersion "1.4.8"]

1. e4 {[%clk 1:29:56]} e5 {[%clk 1:27:01]} 2. Nf3 {[%clk 1:30:02]} d6
{[%clk 1:27:25]} 3. d4 {[%clk 1:29:41]} Bg4 {[%clk 1:26:40]} 4. dxe5
{[%clk 1:28:45]} Nd7 {[%clk 1:27:04]} 5. exd6 {[%clk 1:28:16]} Bxd6
{[%clk 1:27:29]} 6. Be2 {[%clk 1:28:36]} Ngf6 {[%clk 1:27:54]} 7. Nd4
{[%clk 1:26:02]} Bxe2 {[%clk 1:27:58]} 8. Qxe2 {[%clk 1:26:19]} O-O
{[%clk 1:27:41]} 9. Nf5 {[%clk 1:14:47]} Nxe4 {[%clk 1:25:12]} 10. Nxd6
{[%clk 1:14:50]} Nxd6 {[%clk 1:24:33]} 11. O-O {[%clk 1:09:50]} Qf6
{[%clk 1:24:03]} 12. Nc3 {[%clk 1:09:33]} Rfe8 {[%clk 1:22:29]} 13. Qg4
{[%clk 1:06:19]} Ne5 {[%clk 1:22:50]} 14. Qg5 {[%clk 1:05:42]} Qxg5
{[%clk 1:22:19]} 15. Bxg5 {[%clk 1:06:09]} f6 {[%clk 1:22:40]} 1/2-1/2

[Event "Marianske Lazne 2023"]
[Site "?"]
[Date "2023.01.16"]
[Round "3.15"]
[White "Jasny, Stanislav"]
[Black "Paszewski, Mateusz"]
[Result "1-0"]
[BlackElo "2303"]
[WhiteElo "2245"]
[LiveChessVersion "1.4.8"]

1. d4 {[%clk 1:30:48]} Nf6 {[%clk 1:30:40]} 2. Nf3 {[%clk 1:30:18]} d5
{[%clk 1:31:05]} 3. c4 {[%clk 1:30:06]} e6 {[%clk 1:31:27]} 4. Nc3
{[%clk 1:30:06]} c6 {[%clk 1:31:41]} 5. e3 {[%clk 1:30:15]} Nbd7 {[%clk 1:29:19]}
6. Qc2 {[%clk 1:27:50]} b6 {[%clk 1:25:48]} 7. Bd3 {[%clk 1:21:41]} Bb7
{[%clk 1:16:00]} 8. O-O {[%clk 1:22:00]} dxc4 {[%clk 1:15:43]} 9. Bxc4
{[%clk 1:22:20]} a6 {[%clk 1:16:12]} 10. e4 {[%clk 1:11:09]} b5 {[%clk 1:14:43]}
11. Be2 {[%clk 1:10:02]} c5 {[%clk 1:14:12]} 12. e5 {[%clk 1:09:10]} cxd4
{[%clk 1:01:44]} 13. Nxb5 {[%clk 1:02:44]} Rc8 {[%clk 1:01:06]} 14. Qd1
{[%clk 1:00:46]} Bxf3 {[%clk 0:31:55]} 15. exf6 {[%clk 0:48:12]} Bxe2
{[%clk 0:23:41]} 16. fxg7 {[%clk 0:48:12]} Bxg7 {[%clk 0:24:09]} 17. Nd6+
{[%clk 0:48:26]} Kf8 {[%clk 0:24:38]} 18. Qxe2 {[%clk 0:48:42]} Rc6
{[%clk 0:25:07]} 19. Nxf7 {[%clk 0:47:34]} Kxf7 {[%clk 0:23:43]} 20. Qf3+
{[%clk 0:44:42]} Qf6 {[%clk 0:24:04]} 21. Qxc6 {[%clk 0:45:00]} Ne5
{[%clk 0:24:33]} 22. Qb7+ {[%clk 0:43:36]} Kg6 {[%clk 0:24:45]} 23. Qe4+
{[%clk 0:41:58]} Kf7 {[%clk 0:25:10]} 24. Bf4 {[%clk 0:38:52]} Ng6
{[%clk 0:25:34]} 25. Bd2 {[%clk 0:37:35]} Bf8 {[%clk 0:25:44]} 26. Rac1
{[%clk 0:37:00]} Bd6 {[%clk 0:26:10]} 27. Rc6 {[%clk 0:34:33]} Bb8
{[%clk 0:26:05]} 28. Rb6 {[%clk 0:30:19]} Re8 {[%clk 0:25:49]} 29. Rb7+
{[%clk 0:28:10]} Kg8 {[%clk 0:26:18]} 30. f4 {[%clk 0:25:38]} Qh4
{[%clk 0:26:10]} 31. Qxd4 {[%clk 0:22:54]} 1-0

[Event "Marianske Lazne 2023"]
[Site "?"]
[Date "2023.01.16"]
[Round "3.17"]
[White "Mica, Marek"]
[Black "Nasshan, Dennis"]
[Result "1/2-1/2"]
[BlackElo "2320"]
[WhiteElo "2244"]
[LiveChessVersion "1.4.8"]

1. Nf3 {[%clk 1:29:11]} Nf6 {[%clk 1:30:52]} 2. b3 {[%clk 1:29:16]} d5
{[%clk 1:30:06]} 3. Bb2 {[%clk 1:29:22]} e6 {[%clk 1:30:33]} 4. e3
{[%clk 1:29:34]} b6 {[%clk 1:30:50]} 5. c4 {[%clk 1:29:37]} Bb7 {[%clk 1:30:42]}
6. Nc3 {[%clk 1:28:39]} Be7 {[%clk 1:30:12]} 7. cxd5 {[%clk 1:28:38]} exd5
{[%clk 1:30:35]} 8. d4 {[%clk 1:28:57]} O-O {[%clk 1:30:56]} 9. Bd3
{[%clk 1:29:07]} Re8 {[%clk 1:29:19]} 10. O-O {[%clk 1:28:04]} Nbd7
{[%clk 1:28:47]} 11. Ne2 {[%clk 1:26:49]} Bd6 {[%clk 1:27:50]} 12. Ng3
{[%clk 1:25:20]} g6 {[%clk 1:24:00]} 13. Rc1 {[%clk 1:22:40]} a6 {[%clk 1:23:59]}
14. Qc2 {[%clk 1:22:11]} Rc8 {[%clk 1:20:29]} 15. Qe2 {[%clk 1:21:30]} Ne4
{[%clk 1:14:14]} 16. Rc2 {[%clk 1:18:38]} Ra8 {[%clk 1:02:14]} 17. Rfc1
{[%clk 1:16:26]} f6 {[%clk 1:02:34]} 18. Nf1 {[%clk 1:03:22]} Nf8
{[%clk 1:00:37]} 19. Ne1 {[%clk 0:59:54]} Ne6 {[%clk 0:59:03]} 20. f3
{[%clk 0:56:45]} N4g5 {[%clk 0:59:20]} 21. Qf2 {[%clk 0:55:30]} Rc8
{[%clk 0:50:13]} 22. Rd2 {[%clk 0:42:28]} Qe7 {[%clk 0:39:21]} 23. Bb1
{[%clk 0:37:58]} Bb4 {[%clk 0:33:59]} 24. Rdd1 {[%clk 0:36:56]} Bd6
{[%clk 0:33:44]} 25. Nd3 {[%clk 0:35:45]} Qg7 {[%clk 0:30:02]} 26. Re1
{[%clk 0:33:40]} Re7 {[%clk 0:23:27]} 27. b4 {[%clk 0:30:56]} Rce8
{[%clk 0:22:07]} 28. a4 {[%clk 0:29:14]} Qh6 {[%clk 0:20:20]} 29. h4
{[%clk 0:22:58]} Nf7 {[%clk 0:19:45]} 30. Ba2 {[%clk 0:10:28]} Ng7
{[%clk 0:15:24]} 31. g4 {[%clk 0:08:29]} Ne6 {[%clk 0:15:41]} 32. f4
{[%clk 0:07:59]} Qg7 {[%clk 0:12:31]} 33. Ng3 {[%clk 0:06:08]} Nf8
{[%clk 0:08:38]} 34. Qf3 {[%clk 0:03:39]} c6 {[%clk 0:06:50]} 35. g5
{[%clk 0:01:25]} b5 {[%clk 0:03:51]} 36. Nc5 {[%clk 0:00:46]} Bc8
{[%clk 0:03:33]} 37. Bb1 {[%clk 0:00:39]} Ne6 {[%clk 0:01:04]} 38. Nd3
{[%clk 0:00:49]} Bd7 {[%clk 0:00:47]} 39. Bc3 {[%clk 0:00:50]} Bb8
{[%clk 0:00:48]} 40. Nf2 {[%clk 0:00:40]} Nf8 {[%clk 0:00:35]} 41. Re2
{[%clk 0:20:44]} f5 {[%clk 0:25:48]} 42. Nd3 {[%clk 0:19:52]} Nd6
{[%clk 0:26:13]} 43. Ne5 {[%clk 0:18:40]} Nc4 {[%clk 0:26:28]} 44. Rh2
{[%clk 0:14:42]} Nb6 {[%clk 0:19:52]} 45. a5 {[%clk 0:13:39]} Nc4
{[%clk 0:20:09]} 46. h5 {[%clk 0:08:45]} Nd6 {[%clk 0:14:14]} 47. hxg6
{[%clk 0:06:00]} hxg6 {[%clk 0:14:35]} 48. Ba2 {[%clk 0:04:11]} Rc8
{[%clk 0:13:09]} 49. Kf2 {[%clk 0:03:20]} Be6 {[%clk 0:12:58]} 50. Rch1
{[%clk 0:01:45]} Ne4+ {[%clk 0:13:11]} 51. Nxe4 {[%clk 0:01:55]} fxe4
{[%clk 0:12:40]} 52. Qg3 {[%clk 0:01:55]} Bxe5 {[%clk 0:12:24]} 53. fxe5
{[%clk 0:01:26]} Rf7+ {[%clk 0:11:18]} 54. Ke2 {[%clk 0:01:44]} Rf3
{[%clk 0:11:27]} 55. Qh4 {[%clk 0:01:50]} Kf7 {[%clk 0:10:35]} 56. Bb3
{[%clk 0:01:48]} Ke8 {[%clk 0:10:18]} 57. Bd1 {[%clk 0:01:17]} Rc7
{[%clk 0:08:20]} 58. Kd2 {[%clk 0:01:29]} Rff7 {[%clk 0:08:08]} 59. Kc2
{[%clk 0:01:30]} Qg8 {[%clk 0:07:18]} 60. Qg3 {[%clk 0:00:54]} Rh7
{[%clk 0:05:46]} 61. Be1 {[%clk 0:00:53]} Rxh2+ {[%clk 0:05:36]} 62. Rxh2
{[%clk 0:01:12]} Rf7 {[%clk 0:04:37]} 63. Qg1 {[%clk 0:00:48]} Kd7
{[%clk 0:04:10]} 64. Bg3 {[%clk 0:00:59]} Kc7 {[%clk 0:04:16]} 65. Kb2
{[%clk 0:00:56]} Kd7 {[%clk 0:04:08]} 66. Be2 {[%clk 0:01:09]} Kc7
{[%clk 0:04:32]} 67. Qc1 {[%clk 0:00:43]} Nd7 {[%clk 0:05:01]} 68. Bg4
{[%clk 0:00:33]} Rf8 {[%clk 0:04:10]} 69. Bxe6 {[%clk 0:00:35]} Qxe6
{[%clk 0:04:39]} 70. Rh7 {[%clk 0:00:47]} Kc8 {[%clk 0:04:28]} 71. Bf4
{[%clk 0:00:56]} Kd8 {[%clk 0:04:19]} 72. Kb3 {[%clk 0:00:44]} Kc8
{[%clk 0:04:43]} 73. Ka3 {[%clk 0:00:44]} Kd8 {[%clk 0:05:12]} 74. Qg1
{[%clk 0:00:38]} Ke8 {[%clk 0:03:08]} 75. Qg2 {[%clk 0:00:39]} Rf7
{[%clk 0:03:22]} 76. Rh8+ {[%clk 0:00:55]} Rf8 {[%clk 0:03:51]} 77. Rh6
{[%clk 0:01:03]} Rf7 {[%clk 0:03:49]} 78. Qh2 {[%clk 0:01:00]} Rf8
{[%clk 0:03:50]} 79. Qh5 {[%clk 0:00:40]} Rg8 {[%clk 0:03:46]} 80. Qh4
{[%clk 0:00:58]} Rf8 {[%clk 0:04:08]} 81. Rh7 {[%clk 0:00:56]} Rf7
{[%clk 0:04:01]} 82. Rh8+ {[%clk 0:01:05]} Rf8 {[%clk 0:04:29]} 83. Rh6
{[%clk 0:00:52]} Rf7 {[%clk 0:04:26]} 84. Qe1 {[%clk 0:00:58]} Rf8
{[%clk 0:04:03]} 85. Rh7 {[%clk 0:00:56]} Rf7 {[%clk 0:04:32]} 86. Rh2
{[%clk 0:01:14]} Kd8 {[%clk 0:04:40]} 87. Qh1 {[%clk 0:01:32]} Ke8
{[%clk 0:04:45]} 88. Rc2 {[%clk 0:01:40]} Kd8 {[%clk 0:04:49]} 89. Qh8+
{[%clk 0:01:56]} Nf8 {[%clk 0:03:18]} 90. Qh4 {[%clk 0:00:40]} Nd7
{[%clk 0:03:38]} 91. Rh2 {[%clk 0:00:52]} Nf8 {[%clk 0:02:51]} 92. Qg3
{[%clk 0:00:44]} 1/2-1/2

[Event "Marianske Lazne 2023"]
[Site "?"]
[Date "2023.01.16"]
[Round "3.18"]
[White "Kristoferitsch, Daniel"]
[Black "Holtel, Jasper"]
[Result "1/2-1/2"]
[BlackElo "2357"]
[WhiteElo "2295"]
[LiveChessVersion "1.4.8"]

1. c4 {[%clk 1:30:51]} g6 {[%clk 1:30:45]} 2. Nc3 {[%clk 1:28:23]} c5
{[%clk 1:30:04]} 3. Nf3 {[%clk 1:24:00]} Bg7 {[%clk 1:30:16]} 4. d4
{[%clk 1:21:47]} cxd4 {[%clk 1:30:37]} 5. Nxd4 {[%clk 1:22:11]} Nc6
{[%clk 1:30:58]} 6. Nc2 {[%clk 1:20:49]} Bxc3+ {[%clk 1:31:08]} 7. bxc3
{[%clk 1:21:13]} Nf6 {[%clk 1:31:23]} 8. f3 {[%clk 1:12:13]} Qa5 {[%clk 1:31:22]}
9. Bd2 {[%clk 1:11:01]} d6 {[%clk 1:30:18]} 10. e4 {[%clk 1:11:24]} O-O
{[%clk 1:22:19]} 11. Ne3 {[%clk 1:10:41]} Be6 {[%clk 1:20:50]} 12. Be2
{[%clk 1:05:19]} Ne5 {[%clk 1:17:02]} 13. Nd5 {[%clk 1:04:25]} Bxd5
{[%clk 1:12:31]} 14. cxd5 {[%clk 1:03:05]} Qc5 {[%clk 1:11:04]} 15. Qa4
{[%clk 1:00:26]} Rfc8 {[%clk 1:07:20]} 16. Rb1 {[%clk 0:55:34]} Rab8
{[%clk 0:49:33]} 17. Rb5 {[%clk 0:48:55]} Qc7 {[%clk 0:49:53]} 1/2-1/2

[Event "Marianske Lazne 2023"]
[Site "?"]
[Date "2023.01.16"]
[Round "3.19"]
[White "Kantorik, Marian"]
[Black "Besou, Hussain"]
[Result "0-1"]
[BlackElo "2288"]
[WhiteElo "2199"]
[LiveChessVersion "1.4.8"]

1. d4 {[%clk 1:30:51]} Nf6 {[%clk 1:30:46]} 2. c4 {[%clk 1:31:15]} e6
{[%clk 1:31:04]} 3. Nc3 {[%clk 1:31:37]} Bb4 {[%clk 1:31:22]} 4. e3
{[%clk 1:31:47]} O-O {[%clk 1:31:21]} 5. Bd3 {[%clk 1:32:06]} d5 {[%clk 1:30:01]}
6. Nf3 {[%clk 1:32:30]} c5 {[%clk 1:30:01]} 7. O-O {[%clk 1:29:52]} cxd4
{[%clk 1:24:43]} 8. exd4 {[%clk 1:30:10]} dxc4 {[%clk 1:24:54]} 9. Bxc4
{[%clk 1:30:30]} Bxc3 {[%clk 1:24:55]} 10. bxc3 {[%clk 1:30:53]} Qc7
{[%clk 1:24:53]} 11. Qb3 {[%clk 1:20:49]} b6 {[%clk 1:19:53]} 12. Be2
{[%clk 1:15:27]} Ba6 {[%clk 1:17:09]} 13. Bxa6 {[%clk 1:13:29]} Nxa6
{[%clk 1:17:30]} 14. Ne5 {[%clk 1:09:50]} Rac8 {[%clk 1:17:02]} 15. c4
{[%clk 1:04:39]} Rfd8 {[%clk 1:10:58]} 16. Be3 {[%clk 1:01:17]} Nb8
{[%clk 1:08:54]} 17. Rac1 {[%clk 0:56:26]} Nc6 {[%clk 1:08:06]} 18. Nxc6
{[%clk 0:55:27]} Qxc6 {[%clk 1:08:28]} 19. Rfd1 {[%clk 0:55:11]} Ne4
{[%clk 1:00:41]} 20. a4 {[%clk 0:50:28]} Nd6 {[%clk 0:57:35]} 21. c5
{[%clk 0:47:51]} bxc5 {[%clk 0:49:39]} 22. dxc5 {[%clk 0:44:24]} Nf5
{[%clk 0:42:51]} 23. Rxd8+ {[%clk 0:33:57]} Rxd8 {[%clk 0:42:55]} 24. Rd1
{[%clk 0:33:48]} Rc8 {[%clk 0:41:09]} 25. Qb5 {[%clk 0:29:40]} Qe4
{[%clk 0:38:31]} 26. Qd7 {[%clk 0:15:31]} Rf8 {[%clk 0:37:09]} 27. Rd3
{[%clk 0:13:55]} Nh4 {[%clk 0:36:56]} 28. f3 {[%clk 0:13:56]} Qg6
{[%clk 0:37:20]} 29. Rd2 {[%clk 0:12:16]} Nxf3+ {[%clk 0:37:42]} 30. Kf2
{[%clk 0:12:43]} Nxd2 {[%clk 0:37:53]} 31. Bxd2 {[%clk 0:13:10]} Qf5+
{[%clk 0:37:58]} 0-1

[Event "Marianske Lazne 2023"]
[Site "?"]
[Date "2023.01.16"]
[Round "3.20"]
[White "Mannion, Stephen R"]
[Black "Jurek, Josef"]
[Result "1/2-1/2"]
[BlackElo "2230"]
[WhiteElo "2224"]
[LiveChessVersion "1.4.8"]

1. e4 {[%clk 1:30:57]} e6 {[%clk 1:30:40]} 2. d4 {[%clk 1:31:22]} d5
{[%clk 1:30:58]} 3. Nd2 {[%clk 1:31:48]} c5 {[%clk 1:30:57]} 4. Ngf3
{[%clk 1:32:09]} cxd4 {[%clk 1:30:15]} 5. Nxd4 {[%clk 1:32:32]} Nc6
{[%clk 1:29:45]} 6. Bb5 {[%clk 1:32:46]} Bd7 {[%clk 1:29:52]} 7. Nxc6
{[%clk 1:33:03]} bxc6 {[%clk 1:29:33]} 8. Bd3 {[%clk 1:33:22]} Qc7
{[%clk 1:28:45]} 9. Qe2 {[%clk 1:33:38]} Ne7 {[%clk 1:27:47]} 10. O-O
{[%clk 1:31:34]} Ng6 {[%clk 1:26:58]} 11. Nf3 {[%clk 1:31:46]} 1/2-1/2

[Event "Marianske Lazne 2023"]
[Site "?"]
[Date "2023.01.17"]
[Round "4.1"]
[White "Stalmach, Richard"]
[Black "Gaehwiler, Gabriel"]
[Result "1-0"]
[BlackElo "2408"]
[WhiteElo "2423"]
[LiveChessVersion "1.4.8"]

1. d4 {[%clk 1:30:55]} Nf6 {[%clk 1:20:32]} 2. c4 {[%clk 1:31:05]} e6
{[%clk 1:20:55]} 3. Nf3 {[%clk 1:31:13]} d5 {[%clk 1:15:33]} 4. Nc3
{[%clk 1:31:17]} c5 {[%clk 1:14:17]} 5. e3 {[%clk 1:31:21]} a6 {[%clk 1:08:54]}
6. cxd5 {[%clk 1:31:10]} exd5 {[%clk 1:05:10]} 7. Bd3 {[%clk 1:31:21]} Nc6
{[%clk 1:04:04]} 8. O-O {[%clk 1:25:32]} Bd6 {[%clk 0:58:50]} 9. dxc5
{[%clk 1:25:18]} Bxc5 {[%clk 0:59:13]} 10. h3 {[%clk 1:25:31]} O-O
{[%clk 0:59:26]} 11. b3 {[%clk 1:25:59]} d4 {[%clk 0:43:21]} 12. exd4
{[%clk 1:26:09]} Nxd4 {[%clk 0:39:41]} 13. Bb2 {[%clk 1:26:32]} Be6
{[%clk 0:31:48]} 14. Rc1 {[%clk 1:25:49]} Ba7 {[%clk 0:28:07]} 15. Ne4
{[%clk 1:23:37]} Nxf3+ {[%clk 0:24:56]} 16. Qxf3 {[%clk 1:23:43]} Bd4
{[%clk 0:25:21]} 17. Nxf6+ {[%clk 1:13:09]} Bxf6 {[%clk 0:24:32]} 18. Bxf6
{[%clk 1:10:46]} Qxf6 {[%clk 0:24:57]} 19. Qxb7 {[%clk 1:07:10]} a5
{[%clk 0:22:26]} 20. Bc4 {[%clk 1:06:46]} Qb2 {[%clk 0:19:20]} 21. Bxe6
{[%clk 0:59:39]} fxe6 {[%clk 0:18:22]} 22. Rc7 {[%clk 0:59:52]} Kh8
{[%clk 0:03:42]} 23. Rf7 {[%clk 0:54:38]} Rfb8 {[%clk 0:02:50]} 24. Qc7
{[%clk 0:46:05]} Rg8 {[%clk 0:02:39]} 25. Qb7 {[%clk 0:26:57]} Rab8
{[%clk 0:02:52]} 26. Qc7 {[%clk 0:27:05]} Ra8 {[%clk 0:03:16]} 27. Rc1
{[%clk 0:19:15]} Qxa2 {[%clk 0:03:38]} 28. Qc3 {[%clk 0:16:36]} a4
{[%clk 0:03:23]} 29. bxa4 {[%clk 0:16:44]} Qxa4 {[%clk 0:03:26]} 30. Qe5
{[%clk 0:15:22]} Qb3 {[%clk 0:02:29]} 31. Rcc7 {[%clk 0:14:14]} Qb1+
{[%clk 0:02:17]} 32. Kh2 {[%clk 0:14:42]} Qg6 {[%clk 0:02:39]} 33. h4
{[%clk 0:13:11]} Ra4 {[%clk 0:01:38]} 34. g3 {[%clk 0:12:56]} Re4
{[%clk 0:01:18]} 35. Qc3 {[%clk 0:12:40]} e5 {[%clk 0:01:18]} 36. Qf3
{[%clk 0:08:00]} Rd4 {[%clk 0:00:54]} 37. h5 {[%clk 0:08:12]} Qe6
{[%clk 0:00:43]} 38. Rce7 {[%clk 0:08:08]} Qg4 {[%clk 0:00:34]} 39. Rxg7
{[%clk 0:07:33]} Rxg7 {[%clk 0:00:48]} 40. Qf8+ {[%clk 0:07:49]} Rg8
{[%clk 0:01:16]} 41. Qf6+ {[%clk 0:08:08]} 1-0

[Event "Marianske Lazne 2023"]
[Site "?"]
[Date "2023.01.17"]
[Round "4.2"]
[White "Petr, Martin"]
[Black "Stefansson, Hannes"]
[Result "1-0"]
[BlackElo "2526"]
[WhiteElo "2508"]
[LiveChessVersion "1.4.8"]

1. Nf3 {[%clk 1:30:56]} Nf6 {[%clk 1:30:49]} 2. g3 {[%clk 1:31:08]} d5
{[%clk 1:31:01]} 3. Bg2 {[%clk 1:31:30]} g6 {[%clk 1:31:08]} 4. c4
{[%clk 1:31:48]} dxc4 {[%clk 1:31:08]} 5. Qa4+ {[%clk 1:28:07]} Nfd7
{[%clk 1:31:11]} 6. Qxc4 {[%clk 1:24:25]} Bg7 {[%clk 1:31:24]} 7. O-O
{[%clk 1:23:36]} Nc6 {[%clk 1:30:49]} 8. d3 {[%clk 1:23:03]} O-O {[%clk 1:30:25]}
9. Nc3 {[%clk 1:18:36]} Nb6 {[%clk 1:30:09]} 10. Qh4 {[%clk 1:19:01]} e5
{[%clk 1:29:30]} 11. Qxd8 {[%clk 1:06:17]} Rxd8 {[%clk 1:28:26]} 12. Nb5
{[%clk 1:01:58]} Rd7 {[%clk 1:28:16]} 13. Bd2 {[%clk 1:00:27]} a6
{[%clk 1:24:03]} 14. Nc3 {[%clk 1:00:09]} Rd8 {[%clk 1:19:32]} 15. Rfc1
{[%clk 1:00:08]} h6 {[%clk 1:16:49]} 16. Rab1 {[%clk 0:55:36]} g5
{[%clk 1:11:44]} 17. Be1 {[%clk 0:50:28]} Nd4 {[%clk 1:04:12]} 18. Kf1
{[%clk 0:44:00]} Be6 {[%clk 1:01:50]} 19. b4 {[%clk 0:43:20]} Rac8
{[%clk 0:55:00]} 20. a4 {[%clk 0:43:03]} Nd5 {[%clk 0:54:38]} 21. b5
{[%clk 0:36:53]} Nxc3 {[%clk 0:52:21]} 22. Bxc3 {[%clk 0:37:16]} axb5
{[%clk 0:52:07]} 23. axb5 {[%clk 0:37:39]} Bd5 {[%clk 0:43:08]} 24. Bxd4
{[%clk 0:34:33]} exd4 {[%clk 0:43:29]} 25. Nd2 {[%clk 0:34:56]} Bf8
{[%clk 0:39:56]} 26. Bh3 {[%clk 0:29:33]} Ra8 {[%clk 0:39:11]} 27. Rxc7
{[%clk 0:29:44]} Ra2 {[%clk 0:39:23]} 28. Nc4 {[%clk 0:27:29]} Bxc4
{[%clk 0:32:22]} 29. Rxc4 {[%clk 0:27:07]} b6 {[%clk 0:30:38]} 30. Bg4
{[%clk 0:21:40]} Rd5 {[%clk 0:26:55]} 31. Rc6 {[%clk 0:21:41]} Rd6
{[%clk 0:26:24]} 32. h3 {[%clk 0:18:56]} Kg7 {[%clk 0:26:18]} 33. Bh5
{[%clk 0:18:50]} Be7 {[%clk 0:22:01]} 34. Rc7 {[%clk 0:17:33]} Kf8
{[%clk 0:20:17]} 35. Rb7 {[%clk 0:13:39]} Rf6 {[%clk 0:18:10]} 36. Bf3
{[%clk 0:13:27]} Bc5 {[%clk 0:17:27]} 37. Rc7 {[%clk 0:11:56]} Bd6
{[%clk 0:16:00]} 38. Rc6 {[%clk 0:10:53]} Be7 {[%clk 0:15:14]} 39. Rbc1
{[%clk 0:06:21]} Rb2 {[%clk 0:14:27]} 40. Rxf6 {[%clk 0:06:29]} Bxf6
{[%clk 0:14:51]} 41. Rc6 {[%clk 0:02:32]} Bd8 {[%clk 0:15:00]} 42. Rxh6
{[%clk 0:02:22]} Rxb5 {[%clk 0:15:22]} 43. Rd6 {[%clk 0:02:50]} Be7
{[%clk 0:11:58]} 44. Rxd4 {[%clk 0:03:13]} Rb1+ {[%clk 0:11:58]} 45. Kg2
{[%clk 0:03:36]} b5 {[%clk 0:12:20]} 46. Rd7 {[%clk 0:02:25]} b4 {[%clk 0:12:33]}
47. Rb7 {[%clk 0:02:51]} f5 {[%clk 0:05:14]} 48. Bd5 {[%clk 0:30:07]} Re1
{[%clk 0:33:36]} 49. e3 {[%clk 0:25:14]} f4 {[%clk 0:33:57]} 50. gxf4
{[%clk 0:25:30]} gxf4 {[%clk 0:34:22]} 51. exf4 {[%clk 0:25:54]} Rd1
{[%clk 0:33:45]} 52. Bc4 {[%clk 0:26:09]} Rd2 {[%clk 0:34:06]} 53. Kf3
{[%clk 0:20:21]} Bc5 {[%clk 0:33:49]} 54. Rb5 {[%clk 0:20:46]} Rxf2+
{[%clk 0:34:00]} 55. Kg3 {[%clk 0:17:43]} Be3 {[%clk 0:32:58]} 56. Rf5+
{[%clk 0:16:56]} Kg7 {[%clk 0:32:37]} 57. Rf7+ {[%clk 0:17:21]} Kh8
{[%clk 0:29:29]} 58. f5 {[%clk 0:17:11]} Rf1 {[%clk 0:29:05]} 59. f6
{[%clk 0:16:18]} Bc5 {[%clk 0:25:02]} 60. Kg4 {[%clk 0:16:23]} Bd4
{[%clk 0:22:58]} 61. Kg5 {[%clk 0:16:00]} Be3+ {[%clk 0:21:31]} 62. Kg6
{[%clk 0:15:55]} Rg1+ {[%clk 0:21:51]} 63. Kf5 {[%clk 0:15:55]} Rf1+
{[%clk 0:22:12]} 64. Ke4 {[%clk 0:15:14]} Bg5 {[%clk 0:21:39]} 65. Ke5
{[%clk 0:14:19]} Bf4+ {[%clk 0:19:52]} 66. Ke6 {[%clk 0:14:40]} Re1+
{[%clk 0:19:19]} 67. Kf5 {[%clk 0:15:06]} Rf1 {[%clk 0:19:29]} 68. d4
{[%clk 0:13:59]} Rf2 {[%clk 0:19:45]} 69. Rf8+ {[%clk 0:13:27]} Kh7
{[%clk 0:20:08]} 70. Bd3 {[%clk 0:13:54]} 1-0